Design of rotating electrical machines / (Record no. 15556)

MARC details
000 -LEADER
fixed length control field 02404cam a2200313 i 4500
001 - CONTROL NUMBER
control field TB12854
003 - CONTROL NUMBER IDENTIFIER
control field IN-BhIIT
005 - DATE AND TIME OF LATEST TRANSACTION
control field 20260617124915.0
008 - FIXED-LENGTH DATA ELEMENTS--GENERAL INFORMATION
fixed length control field 130621s2014 enka b 001 0 eng
020 ## - INTERNATIONAL STANDARD BOOK NUMBER
ISBN 9781118581575 (hbk.)
040 ## - CATALOGING SOURCE
Original cataloging agency IN-BhIIT
041 1# - LANGUAGE CODE
Language code of text eng
082 00 - DEWEY DECIMAL CLASSIFICATION NUMBER
Classification number 621.31042
Book number PYR/D
100 1# - MAIN ENTRY--AUTHOR NAME
Personal name Pyrhonen, Juha.
Relator term Author
245 10 - TITLE STATEMENT
Title Design of rotating electrical machines /
Statement of responsibility, etc Juha Pyrhonen; Tapani Jokinen and Valeria Hrabovcova.
250 ## - EDITION STATEMENT
Edition statement 2nd ed.
260 ## - PUBLICATION, DISTRIBUTION, ETC. (IMPRINT)
Place of publication United Kingdom :
Name of publisher John Wiley & Sons, Ltd.,
Year of publication 2014.
300 ## - PHYSICAL DESCRIPTION
Number of Pages xxvii, 584 p. ;
Other physical details(ill.) ill. ;
Dimensions(size) 25 cm.
504 ## - BIBLIOGRAPHY, ETC. NOTE
Bibliography, etc Includes bibliographical references and index.
520 ## - SUMMARY, ETC.
Summary, etc "This book is an in-depth essential reference of rotating electrical machine design theory and application. In the first part of the book the general theory governing the design of an electrical machine is presented; addressing the necessary fundamentals of electromagnetic theory; exploring possible winding arrangements and resistances; describing the behaviour of the magnetic circuit and flux leakage. After this introduction of principles the main body of the book focuses on the design of a rotating electrical machine. The book defines basic characteristics such as machine type (e.g. synchronous, asynchronous, DC and doubly salient reluctance machines) and type of construction (e.g. external pole, internal pole, axial flux and radial flux machines). It then moves on to provide a detailed analysis of the design process and properties of rotating electrical machines including the insulation and heat removal options. The book illustrates the necessary analytical calculations for machine design through direct design examples i.e. a permanent magnet motor for normal speeds with rotor surface magnets, traditional squirrel cage induction motor, a low speed high torque fractional slot permanent magnet motor etc. "--
Summary, etc "This book is an in-depth essential reference of rotating electrical machine design theory and application"--
650 #0 - SUBJECT ADDED ENTRY--TOPICAL TERM
Topical Term Electric machinery
General subdivision Design and construction.
Topical Term Electric generators
General subdivision Design and construction.
Topical Term Electric motors
General subdivision Design and construction.
Topical Term Rotational motion.
700 1# - ADDED ENTRY--PERSONAL NAME
Personal name Jokinen, Tapani,
Relator term Joint author
Personal name Hrabovcova, Valeria.
Relator term Joint author
942 ## - ADDED ENTRY ELEMENTS (KOHA)
Koha item type Text Book
Holdings
Withdrawn status Lost status Damaged status Not for loan Collection code Home library Current library Shelving location Date acquired Source of acquisition Cost, normal purchase price Full call number Accession Number Cost, replacement price Price effective from Koha item type
Not withdrawn Not Lost not damaged   SECS Central Library, IIT Bhubaneswar Central Library, IIT Bhubaneswar Textbook Section 16/06/2026 26 11480.04 621.31042 PYR/D TB12854 15726.08 16/06/2026 Text Book

Central Library, Indian Institute of Technology Bhubaneswar, 4th Floor, Administrative Building, Argul, Khordha, PIN-752050, Odisha, India
Phone: +91-674-7138750 | Email: circulation.library@iitbbs.ac.in (For circulation related queries),
Email: info.library@iitbbs.ac.in (For other queries)